Saguairu (Registro nro. 12283)
[ vista simple ]
| 000 - LÍDER | |
|---|---|
| campo de control de longitud fija | 00937nam a2200265 a 4500 |
| 003 - IDENTIFICADOR DE NÚMERO DE CONTROL | |
| campo de control | OSt |
| 005 - FECHA Y HORA DE LA ÚLTIMA TRANSACCIÓN | |
| campo de control | 20210818181741.0 |
| 008 - ELEMENTOS DE DATOS DE LONGITUD FIJA - INFORMACIÓN GENERAL | |
| campo de control de longitud fija | 121005s1993 ck a jr 0001jdspa d |
| 020 ## - INTERNATIONAL STANDARD BOOK NUMBER | |
| International Standard Book Number | 9589093639 |
| 040 ## - FUENTE DE CATALOGACIÓN | |
| Lenguaje de catalogación | spa |
| 041 0# - CÓDIGO DE LENGUAJE | |
| Código de idioma de texto / pista de sonido o título separado | spa |
| Código de idioma del original | por |
| 082 04 - NÚMERO DE CLASIFICACIÓN DECIMAL DEWEY | |
| Número de clasificación | 863.44 |
| Número de artículo | B827s |
| 100 1# - ENTRADA PRINCIPAL - NOMBRE PERSONAL | |
| Nombre de la persona | Braz, Júlio Emilio, |
| Fechas asociadas a un nombre | 1959- |
| 245 10 - TÍTULO DECLARACIÓN | |
| Título | Saguairu |
| Declaración de responsabilidad | Júlio Emílio Braz ; ilustraciones Heidi Brandt ; traducción Mónica Mansour |
| 260 ## - PUBLICACIÓN, DISTRIBUCIÓN | |
| Lugar de publicación | Santafé de Bogotá |
| Nombre del editor | Fondo de Cultura Económica |
| Fecha de publicación | 1993 |
| 300 ## - DESCRIPCIÓN FÍSICA | |
| Alcance | 77 páginas |
| Otros datos físicos | ilustraciones |
| Dimensiones | 19 cm. |
| 490 ## - DECLARACIÓN EN SERIE | |
| Estado de cuenta de la serie | A la orilla del viento |
| 586 ## - NOTA DE PREMIOS | |
| Nota de entrega de premios | Premio Jabuti 1989, categoria autor revelacao |
| 650 #4 - ENTRADA DE SUJETO AÑADIDO - TÉRMINO TÓPICO | |
| Término tópico o elemento de entrada del nombre geográfico | Novela juvenil brasileña. |
| 650 #4 - ENTRADA DE SUJETO AÑADIDO - TÉRMINO TÓPICO | |
| Término tópico o elemento de entrada del nombre geográfico | Amor |
| Subdivisión de forma | Novela juvenil. |
| 650 #4 - ENTRADA DE SUJETO AÑADIDO - TÉRMINO TÓPICO | |
| Término tópico o elemento de entrada del nombre geográfico | Ansiedad |
| Subdivisión de forma | Novela juvenil. |
| 700 ## - ENTRADA AGREGADA - NOMBRE PERSONAL | |
| Nombre de la persona | Brandt, Heidi |
| Término del Relator | ilustradora |
| 9 (RLIN) | 50957 |
| 700 ## - ENTRADA AGREGADA - NOMBRE PERSONAL | |
| Nombre de la persona | Mansour, Mónica |
| Término del Relator | traductora |
| 9 (RLIN) | 50958 |
| 942 ## - ELEMENTOS DE ENTRADA AGREGADOS (KOHA) | |
| Fuente de clasificación o esquema de estanterías | Dewey Decimal Classification |
| Parte de clasificación | 863.44 B827s |
| Prefijo del número de llamada | 863.44 |
| Sufijo del número de llamada | B827s |
| Estado de retirada | Pérdida de estatus | Fuente de clasificación o esquema de estanterías | Estado dañado | No para préstamo | Código de recogida | Ubicación permanente | Ubicación actual | Ubicación de las estanterías | Fecha de adquisición | Total de Cajas | Número Topográfico | Código de barras | Precio efectivo desde | Número de copia | Fecha de la última vez que se vio | Tipo de artículo Koha |
|---|---|---|---|---|---|---|---|---|---|---|---|---|---|---|---|---|
| Dewey Decimal Classification | General | Biblioteca Pública Departamental Comfamiliar Risaralda | Biblioteca Pública Departamental Comfamiliar Risaralda | Área General | 02/10/2017 | 863.44 B827s | 1001556 | 02/10/2017 | Ej. 1 | 14/12/2018 | Libro |